MARC

LEADER 00000nam0a2200000 4500
001 193223
005 20231101224453.0
035 |a (RuTPU)RU\TPU\book\210734 
090 |a 193223 
100 |a 20110321d1977 k y0rusy50 ca 
101 0 |a rus 
102 |a RU 
105 |a a z 001za 
200 1 |a Путь в ракетной технике. Избранные труды. 1924-1946  |f В. П. Глушко 
210 |a Москва  |c Машиностроение  |d 1977 
215 |a 504 с.  |c ил. 
320 |a Библиография трудов В. П. Глушко по вопросам реактивных летательных аппаратов и межпланетных сообщений (1924-1945 гг.): с. 498-502. 
600 1 |a Глушко  |b В. П.  |c специалист в области ракетно-космической техники  |c академик АН СССР  |f 1908-1989  |g Валентин Петрович  |2 stltpush  |3 (RuTPU)RU\TPU\pers\12464  |9 3471 
610 1 |a ракетная техника 
610 1 |a космонавтика 
675 |a 629.78  |v 3 
675 |a 629.76  |v 3 
700 1 |a Глушко  |b В. П.  |c специалист в области ракетно-космической техники  |c академик АН СССР  |f 1908-1989  |g Валентин Петрович  |2 stltpush  |3 (RuTPU)RU\TPU\pers\12464  |9 3471 
801 1 |a RU  |b 63413507  |c 20110321 
801 2 |a RU  |b 63413507  |c 20220305  |g RCR 
942 |c BK